Microeconomics for management students / (Record no. 66908)

MARC details
000 -LEADER
fixed length control field 00646nam a22001697a 4500
005 - DATE AND TIME OF LATEST TRANSACTION
control field 20120519124718.0
020 ## - INTERNATIONAL STANDARD BOOK NUMBER
International Standard Book Number 019563974X
Terms of availability 00
035 ## - SYSTEM CONTROL NUMBER
System control number A-820694
037 ## - SOURCE OF ACQUISITION
Stock number DPL
Source of stock number/acquisition ENG
100 ## - MAIN ENTRY--PERSONAL NAME
Personal name Dholakia, Ravindra H.
245 ## - TITLE STATEMENT
Title Microeconomics for management students /
Statement of responsibility, etc by Ravindra H. Dholakia and Ajay N. Oza
260 ## - PUBLICATION, DISTRIBUTION, ETC. (IMPRINT)
Place of publication, distribution, etc Delhi
Name of publisher, distributor, etc Oxford University Press
Date of publication, distribution, etc 1996
300 ## - PHYSICAL DESCRIPTION
Extent viii, 420p.
Dimensions 18 cms.
700 ## - ADDED ENTRY--PERSONAL NAME
Personal name Oza, Ajay N.
9 (RLIN) 47465
942 ## - ADDED ENTRY ELEMENTS (KOHA)
Source of classification or shelving scheme Dewey Decimal Classification
Item type English Books
Classification part 338.5024658
Call number suffix DHO
Holdings
Withdrawn status Lost status Not for loan Collection code Home library Current library Date acquired Cost, normal purchase price Full call number Barcode Cost, replacement price Koha item type
      Non-fiction Sarojini Nagar Sarojini Nagar 19/05/2012 0.00 338.5024658 DHO A-820694 0.00 English Books

© Delhi Public Library
Hit Counter
free hit counter